[Event "4NCL Division 3s"]
[Site "Daventry Court ENG"]
[Date "2013.11.16"]
[Round "1.20"]
[White "Graham, William M"]
[Black "Fogg, Martin"]
[Result "0-1"]
[WhiteElo "1829"]
[BlackElo "1940"]
[PlyCount "50"]
[EventDate "2013.11.16"]
[WhiteTeam "Sussex Smart Survivors 2"]
[BlackTeam "Anglian Avengers 3"]

1. e4 c5 2. Nf3 d6 3. d3 Nf6 4. g3 g6 5. Bg2 Bg7 6. O-O O-O 7. c3 Nc6 8. Nh4 d5
9. Qe2 dxe4 10. dxe4 e5 11. f4 exf4 12. Bxf4 Bg4 13. Qb5 Nh5 14. Be3 Qb6 15.
Qxb6 axb6 16. Nd2 Ne5 17. Bf4 Nd3 18. Bc7 Nxb2 19. e5 Nd3 20. Bd6 Rfd8 21. Bxb7
Ra7 22. Rxf7 Kxf7 23. Bd5+ Ke8 24. Nc4 b5 25. e6 Ra6 0-1

[Event "4NCL Division 3s"]
[Site "Daventry Court ENG"]
[Date "2013.11.16"]
[Round "1.21"]
[White "Bucknell, Malcolm Gordon"]
[Black "Twigge-Molecey, Billy"]
[Result "1-0"]
[WhiteElo "1940"]
[BlackElo "1770"]
[PlyCount "135"]
[EventDate "2013.11.16"]
[WhiteTeam "Anglian Avengers 3"]
[BlackTeam "Sussex Smart Survivors 2"]

1. d4 d5 2. Nf3 e6 3. g3 Nf6 4. Bg2 Be7 5. O-O O-O 6. c4 dxc4 7. Qc2 a6 8. a4
Nbd7 9. Rd1 Rb8 10. a5 b5 11. axb6 cxb6 12. Bf4 Ra8 13. Ne5 Nd5 14. Nc6 Qe8 15.
Nxe7+ Qxe7 16. Na3 Bb7 17. Nxc4 Rac8 18. Qb3 Nxf4 19. Bxb7 Nxe2+ 20. Kf1 Nxd4
21. Rxd4 Nc5 22. Qxb6 Qxb7 23. Qxb7 Nxb7 24. Rxa6 Rfd8 25. Rxd8+ Rxd8 26. b4
Kf8 27. Rb6 Rd7 28. Rc6 Nd8 29. Rc8 Ke7 30. b5 Rb7 31. Rc5 f6 32. Na5 Rd7 33.
Ke2 Kd6 34. Rc2 Rc7 35. Rd2+ Ke7 36. b6 Rc8 37. Kd3 Rc5 38. Ra2 Nc6 39. Nxc6+
Rxc6 40. Ra7+ Kd6 41. Rxg7 Rxb6 42. Rxh7 Rb3+ 43. Ke2 Rb2+ 44. Kf3 Rb3+ 45. Kg2
Ke5 46. h4 Kf5 47. Rg7 Rb8 48. h5 Rh8 49. Kf3 Rh6 50. g4+ Ke5 51. Kg3 f5 52.
Rf7 fxg4 53. Kxg4 Rh8 54. f4+ Kd6 55. Rf6 Ke7 56. Rg6 Kf7 57. Kg5 Rh7 58. Rf6+
Ke7 59. h6 Rh8 60. Rg6 Kf7 61. Rg7+ Ke8 62. Ra7 Rf8 63. Ra8+ Kf7 64. Rxf8+ Kxf8
65. Kf6 Kg8 66. Kxe6 Kh7 67. f5 Kg8 68. Ke7 1-0

[Event "4NCL Division 3s"]
[Site "Daventry Court ENG"]
[Date "2013.11.16"]
[Round "1.22"]
[White "Hinterreither, Nikolai"]
[Black "Hall, Antony C"]
[Result "0-1"]
[WhiteElo "1732"]
[BlackElo "2000"]
[PlyCount "80"]
[EventDate "2013.11.16"]
[WhiteTeam "Sussex Smart Survivors 2"]
[BlackTeam "Anglian Avengers 3"]

1. e4 d6 2. d4 Nf6 3. Nc3 g6 4. Be3 Bg7 5. Qd2 c6 6. O-O-O Nbd7 7. f3 Qa5 8.
Kb1 b5 9. Nce2 Qxd2 10. Rxd2 Nb6 11. b3 Bd7 12. Ng3 a5 13. N1e2 a4 14. Nc1 O-O
15. Be2 Rfc8 16. Rhd1 Be8 17. Nd3 Rab8 18. f4 Nc4 19. bxc4 bxc4+ 20. Ka1 c3 21.
Nf2 cxd2 22. Bxd2 c5 23. e5 Nd7 24. d5 dxe5 25. Bc3 exf4 26. Nge4 Bxc3+ 27.
Nxc3 Ne5 28. Ba6 Rc7 29. d6 exd6 30. Nd5 Ra7 31. Be2 f5 32. Nf6+ Kg7 33. Nxe8+
Rxe8 34. Rxd6 Nf7 35. Rd2 a3 36. Bf3 Ne5 37. Be2 Rae7 38. Rd6 Ng4 39. Bxg4 fxg4
40. Nxg4 Re1+ 0-1

[Event "4NCL Division 3s"]
[Site "Daventry Court ENG"]
[Date "2013.11.17"]
[Round "2.56"]
[White "Byron, Alan M"]
[Black "Foley, John P"]
[Result "1/2-1/2"]
[WhiteElo "2148"]
[BlackElo "2018"]
[PlyCount "224"]
[EventDate "2013.11.17"]
[WhiteTeam "e2e4.org.uk 2"]
[BlackTeam "BCM Hippos (3)"]

1. e4 c6 2. d4 d5 3. exd5 cxd5 4. c4 Nf6 5. Nc3 Nc6 6. Bg5 Ne4 7. Nxe4 dxe4 8.
d5 Ne5 9. Qd4 Nd3+ 10. Bxd3 exd3 11. Qxd3 h6 12. Bd2 e6 13. Nf3 Be7 14. Bc3 O-O
15. O-O b5 16. Rfd1 bxc4 17. Qxc4 exd5 18. Qxd5 Qxd5 19. Rxd5 Be6 20. Rd2 Rfd8
21. h3 Rxd2 22. Nxd2 Rc8 23. Nf1 Bc5 24. Ne3 f5 25. a4 g5 26. Re1 Kf7 27. a5 a6
28. Rd1 h5 29. Rd2 f4 30. Nc2 g4 31. Nd4 g3 32. fxg3 fxg3 33. Kf1 Bc4+ 34. Ke1
Re8+ 35. Kd1 Kg6 36. b4 Bf8 37. Kc2 Bh6 38. Rd1 Bd5 39. Bd2 Bxg2 40. Bxh6 Be4+
41. Kd2 Kxh6 42. Rg1 h4 43. Ne2 Bc6 44. Nxg3 hxg3 45. Rxg3 Kh5 46. b5 axb5 47.
Rc3 Bd7 48. Rc7 Rd8 49. Rc5+ Kg6 50. Kc3 Kf6 51. Kb4 Rh8 52. a6 Ke6 53. Rc3 Kd6
54. Ka5 Bxh3 55. Kxb5 Rb8+ 56. Ka5 Bg2 57. Rc4 Bc6 58. Rb4 Rh8 59. Rg4 Kc7 60.
Kb4 Kb6 61. Kc4 Bb5+ 62. Kd4 Kxa6 63. Rg6+ Ka5 64. Rg5 Kb4 65. Re5 Rh1 66. Re3
Rd1+ 67. Ke5 Kc5 68. Rc3+ Bc4 69. Rc2 Re1+ 70. Kf6 Kd4 71. Rd2+ Bd3 72. Rf2 Re8
73. Kf7 Re5 74. Rd2 Ke3 75. Rh2 Kd4 76. Rd2 Ke4 77. Rd1 Bc4+ 78. Kf6 Ra5 79.
Re1+ Kf4 80. Ke7 Ra6 81. Kd7 Bd5 82. Re2 Be4 83. Rh2 Ke5 84. Rh5+ Bf5+ 85. Kc7
Rf6 86. Rg5 Kd5 87. Rg1 Rf7+ 88. Kb6 Rf6+ 89. Kc7 Rc6+ 90. Kb7 Rc3 91. Rg5 Ke6
92. Kb6 Be4 93. Rh5 Bd5 94. Rh6+ Ke5 95. Rh5+ Kd6 96. Rh6+ Be6 97. Kb5 Rb3+ 98.
Ka4 Rb8 99. Ka3 Ke5 100. Rh4 Bd5 101. Rb4 Ra8+ 102. Kb2 Ra2+ 103. Kc3 Ra3+ 104.
Kb2 Rh3 105. Rg4 Be4 106. Rg8 Kd4 107. Rg4 Re3 108. Rg8 Re2+ 109. Kc1 Rc2+ 110.
Kd1 Rb2 111. Kc1 Rh2 112. Rd8+ Bd5 1/2-1/2

[Event "4NCL Division 3s"]
[Site "Daventry Court ENG"]
[Date "2013.11.17"]
[Round "2.57"]
[White "Amato, Giampiero"]
[Black "Taylor, Adam A"]
[Result "0-1"]
[WhiteElo "2016"]
[BlackElo "1975"]
[PlyCount "68"]
[EventDate "2013.11.17"]
[WhiteTeam "BCM Hippos (3)"]
[BlackTeam "e2e4.org.uk 2"]

1. e4 c5 2. Nf3 Nc6 3. d4 cxd4 4. Nxd4 e5 5. Nb5 d6 6. c4 Be7 7. N1c3 a6 8. Na3
Be6 9. Bd3 Bg5 10. O-O Bxc1 11. Rxc1 Nge7 12. Nc2 O-O 13. Ne3 Rc8 14. Ncd5 Bxd5
15. exd5 Nd4 16. Re1 g6 17. Qd2 Qd7 18. b4 b5 19. Rc3 h5 20. Rec1 h4 21. h3 a5
22. cxb5 Rxc3 23. Qxc3 Nxb5 24. Qd2 axb4 25. Qxb4 Nd4 26. Rb1 Ra8 27. Bc4 Nef5
28. Nxf5 Qxf5 29. Rd1 Qf6 30. Qb7 Ra3 31. Bf1 Rxa2 32. f3 Qxf3 33. Qb8+ Kg7 34.
Rb1 Qf2+ {Time} 0-1

[Event "4NCL Division 3s"]
[Site "Daventry Court ENG"]
[Date "2013.11.17"]
[Round "2.58"]
[White "Peat, Matthew"]
[Black "Fegan, Chris"]
[Result "0-1"]
[WhiteElo "2099"]
[BlackElo "2013"]
[PlyCount "99"]
[EventDate "2013.11.17"]
[WhiteTeam "e2e4.org.uk 2"]
[BlackTeam "BCM Hippos (3)"]

1. d4 g6 2. e4 d6 3. c4 Bg7 4. Nc3 e5 5. Nge2 Ne7 6. h4 Nbc6 7. d5 Nb8 8. h5 c6
9. Bg5 h6 10. Be3 g5 11. Ng3 cxd5 12. cxd5 O-O 13. Bd3 Na6 14. Nf5 Bxf5 15.
exf5 Nc5 16. f3 Qa5 17. Be4 b5 18. O-O b4 19. Ne2 Rac8 20. Qd2 Bf6 21. Nc1 Qb5
22. Bxc5 Rxc5 23. Nb3 Rc4 24. a4 Qb6+ 25. Qf2 Qc7 26. Rfc1 Rxc1+ 27. Rxc1 Qd7
28. Qe3 Nxf5 29. Qd3 Ng3 30. Rc6 Nxh5 31. Bf5 Nf4 32. Qe4 Qd8 33. g3 Nh5 34.
Qg4 Ng7 35. Bd3 Be7 36. Qh3 h5 37. g4 Qd7 38. Na5 Rc8 39. Qh2 h4 40. Qc2 Rxc6
41. dxc6 Qc7 42. Qc4 Bd8 43. Nb7 Qb6+ 44. Kf1 Bc7 45. Qe4 Qd4 46. Qh7+ Kf8 47.
Be4 Qc4+ 48. Ke1 Qc1+ 49. Ke2 Qxb2+ 50. Kd3 0-1

[Event "4NCL Division 3s"]
[Site "Daventry Court ENG"]
[Date "2013.11.17"]
[Round "2.59"]
[White "Kane, Robert (Bob) B"]
[Black "Denton, John R"]
[Result "1/2-1/2"]
[WhiteElo "1862"]
[BlackElo "2049"]
[PlyCount "94"]
[EventDate "2013.11.17"]
[WhiteTeam "BCM Hippos (3)"]
[BlackTeam "e2e4.org.uk 2"]

1. d4 Nf6 2. Nf3 e6 3. e3 b6 4. Bd3 Bb7 5. O-O Be7 6. c4 d6 7. Nc3 Nbd7 8. b3
c5 9. Bb2 O-O 10. Qe2 a6 11. Rad1 Qc7 12. d5 e5 13. Nd2 Rfe8 14. a4 Bf8 15. g4
g6 16. g5 Nh5 17. Nde4 f5 18. gxf6 Ndxf6 19. Nxf6+ Nxf6 20. Ne4 Nxe4 21. Bxe4
Bg7 22. Bf3 a5 23. Bg4 Bc8 24. e4 Bh6 25. Bc1 Bxc1 26. Rxc1 Qf7 27. Rc3 Qf4 28.
Rg3 Ra7 29. Bxc8 Rxc8 30. Qg4 Re8 31. h3 Rf7 32. Re3 Kg7 33. Qxf4 exf4 34. Re2
Kf6 35. f3 g5 36. Rg2 Rg7 37. Kf2 Reg8 38. Ke2 h5 39. Rfg1 Ke5 40. Rh1 Kd4 41.
Rd1+ Kc3 42. Rd3+ Kb4 43. Rh2 Re8 44. Kf2 Re5 45. Rh1 Rge7 46. Rh2 Rg7 47. Rh1
Rge7 1/2-1/2

[Event "4NCL Division 3s"]
[Site "Daventry Court ENG"]
[Date "2013.11.17"]
[Round "2.60"]
[White "Garnett, John S"]
[Black "Lawson, Maurice E"]
[Result "1/2-1/2"]
[WhiteElo "2001"]
[BlackElo "1916"]
[PlyCount "73"]
[EventDate "2013.11.17"]
[WhiteTeam "e2e4.org.uk 2"]
[BlackTeam "BCM Hippos (3)"]

1. d4 f5 2. Bg5 c6 3. c4 Qb6 4. Qd2 e6 5. Nc3 d5 6. e3 Nd7 7. Bd3 Ndf6 8. f3
Bd7 9. Nge2 Nh6 10. e4 dxc4 11. Bxc4 Nf7 12. Be3 O-O-O 13. d5 c5 14. Qc2 Ne5
15. Bb3 fxe4 16. fxe4 exd5 17. Nxd5 Nxd5 18. Bxd5 Kb8 19. O-O-O Bd6 20. Bf4 Bg4
21. Bg5 Rc8 22. h3 Bxe2 23. Qxe2 c4 24. Be3 Bc5 25. Bxc5 Qxc5 26. Kb1 Rhf8 27.
Rhf1 c3 28. bxc3 Qxc3 29. Qb2 Qxb2+ 30. Kxb2 Rxf1 31. Rxf1 Nc4+ 32. Ka1 Ne3 33.
Rf7 Nxd5 34. exd5 Rc7 35. Rf8+ Rc8 36. Rf7 Rc7 37. Rf8+ 1/2-1/2

[Event "4NCL Division 3s"]
[Site "Daventry Court ENG"]
[Date "2013.11.17"]
[Round "2.65"]
[White "Osborne, Marcus E"]
[Black "Burke, Mitchell R"]
[Result "1-0"]
[WhiteElo "2283"]
[BlackElo "1991"]
[PlyCount "65"]
[EventDate "2013.11.17"]
[WhiteTeam "Guildford 3"]
[BlackTeam "3Cs 2"]

1. d4 g6 2. c4 Bg7 3. Nc3 c5 4. d5 d6 5. e4 Nf6 6. Bd3 O-O 7. h3 Na6 8. Nf3 Nc7
9. O-O b5 10. cxb5 a6 11. Re1 axb5 12. Nxb5 Nxb5 13. Bxb5 Qb6 14. a4 Bd7 15.
Bd3 Rfb8 16. Ra2 Qb4 17. Bd2 Bxa4 18. Qa1 Qb3 19. Ra3 c4 20. Rxb3 Bxb3 21. Qb1
cxd3 22. Qxd3 Nd7 23. Bc3 Nc5 24. Qe3 Bxc3 25. bxc3 f6 26. Rb1 Bc2 27. Rxb8+
Rxb8 28. e5 fxe5 29. Nxe5 Be4 30. Nc6 Rb1+ 31. Kh2 e5 32. Qg5 Rb7 33. Qd8+ 1-0

[Event "4NCL Division 3s"]
[Site "Daventry Court ENG"]
[Date "2013.11.17"]
[Round "2.66"]
[White "Abbas, Daniel"]
[Black "Buckley, Graeme N"]
[Result "0-1"]
[WhiteElo "1975"]
[BlackElo "2345"]
[PlyCount "98"]
[EventDate "2013.11.17"]
[WhiteTeam "3Cs 2"]
[BlackTeam "Guildford 3"]

1. e4 c5 2. Nf3 Nc6 3. Bb5 g6 4. Bxc6 bxc6 5. O-O Bg7 6. Nc3 d6 7. h3 e5 8. d3
Nh6 9. Be3 f6 10. a3 a5 11. Na4 Rb8 12. b3 Nf7 13. Rb1 O-O 14. Nd2 Qc7 15. Nc4
Be6 16. Qe1 Ra8 17. Bd2 f5 18. exf5 Bxf5 19. Bxa5 Qe7 20. Bd2 g5 21. Qe2 Nd8
22. Be3 Ne6 23. Ncb6 Rae8 24. b4 cxb4 25. axb4 Nf4 26. Bxf4 gxf4 27. b5 cxb5
28. Rxb5 Bxh3 29. Qf3 Bxg2 30. Qxg2 f3 31. Qg3 Kh8 32. Rb4 Bh6 33. Rg4 Bf4 34.
Nd5 Qe6 35. Nxf4 exf4 36. Qxf3 Rg8 37. Rxg8+ Rxg8+ 38. Kh2 Rg5 39. Qh3 Qe8 40.
Rh1 Rh5 41. Rb1 Rxh3+ 42. Kxh3 Qh5+ 43. Kg2 Qg4+ 44. Kf1 f3 45. Nc3 Qg2+ 46.
Ke1 Qg1+ 47. Kd2 Qxf2+ 48. Kc1 Qe1+ 49. Kb2 f2 0-1

[Event "4NCL Division 3s"]
[Site "Daventry Court ENG"]
[Date "2013.11.17"]
[Round "2.67"]
[White "Lalic, Peter D"]
[Black "Horton, Jamie A"]
[Result "1-0"]
[WhiteElo "2156"]
[BlackElo "2011"]
[PlyCount "129"]
[EventDate "2013.11.17"]
[WhiteTeam "Guildford 3"]
[BlackTeam "3Cs 2"]

1. d4 Nf6 2. Nf3 e6 3. Bg5 c5 4. e3 h6 5. Bh4 Be7 6. Bd3 b6 7. Qe2 Bb7 8. O-O
O-O 9. Nbd2 d5 10. c3 Nbd7 11. Rad1 Qc7 12. Bg3 Bd6 13. Bxd6 Qxd6 14. e4 dxe4
15. Nxe4 Nxe4 16. Bxe4 Bxe4 17. Qxe4 Nf6 18. Qe5 Qxe5 19. Nxe5 cxd4 20. Rxd4
Rfd8 21. Rfd1 Rxd4 22. Rxd4 Rc8 23. Kf1 Kf8 24. Nd7+ Ke7 25. Nxf6 Kxf6 26. Rd7
a5 27. Rb7 Rc6 28. Ke2 Rd6 29. b4 axb4 30. cxb4 e5 31. a4 Ke6 32. a5 bxa5 33.
bxa5 Rd4 34. a6 Ra4 35. a7 Ra3 36. Kd2 g5 37. Kc2 e4 38. Kb2 Ra4 39. Kb3 Ra1
40. Kb4 f5 41. Kc5 f4 42. Kb6 e3 43. fxe3 fxe3 44. Rb8 e2 45. Re8+ Kd7 46. Rxe2
Rb1+ 47. Kc5 Rc1+ 48. Kb6 Rb1+ 49. Ka6 Ra1+ 50. Kb7 Rb1+ 51. Ka8 Kc7 52. Re7+
Kc8 53. Re6 Kc7 54. Rxh6 Rd1 55. Rh8 Rd3 56. Rh7+ Kc6 57. Rb7 Re3 58. h3 Rd3
59. Rb4 Rd8+ 60. Rb8 Rd2 61. Rc8+ Kd7 62. Rc5 Rxg2 63. Kb7 Rb2+ 64. Ka6 Ra2+
65. Ra5 1-0

[Event "4NCL Division 3s"]
[Site "Daventry Court ENG"]
[Date "2013.11.17"]
[Round "2.68"]
[White "Adams, Philip"]
[Black "Granat, Russell G"]
[Result "1/2-1/2"]
[WhiteElo "2039"]
[BlackElo "2186"]
[PlyCount "88"]
[EventDate "2013.11.17"]
[WhiteTeam "3Cs 2"]
[BlackTeam "Guildford 3"]

1. e4 Nc6 2. Nf3 e5 3. Bb5 a6 4. Ba4 d6 5. Bxc6+ bxc6 6. d4 exd4 7. Qxd4 Qf6 8.
Qd3 Qg6 9. O-O Be7 10. Nc3 Nh6 11. Bf4 O-O 12. Rfe1 Re8 13. Nd4 Bd7 14. Rad1
Bf6 15. Bg3 c5 16. Nde2 Bb5 17. Qf3 Bxe2 18. Rxe2 Bxc3 19. bxc3 f6 20. Qd3 Qf7
21. c4 Rab8 22. c3 Qe6 23. Rde1 g5 24. h4 g4 25. Qd5 Qxd5 26. cxd5 Nf7 27. f4
gxf3 28. gxf3 Rb5 29. f4 Nh6 30. h5 Kf7 31. e5 c4 32. e6+ Ke7 33. Rd1 Nf5 34.
Be1 Rg8+ 35. Kf2 Rg3 36. Re4 Rc5 37. Ke2 Rh3 38. Bf2 Rxh5 39. Bxc5 Ng3+ 40. Kf3
Nxe4 41. Kxe4 dxc5 42. Rg1 Kf8 43. Rb1 Ke7 44. Rg1 Kf8 1/2-1/2

[Event "4NCL Division 3s"]
[Site "Daventry Court ENG"]
[Date "2013.11.17"]
[Round "2.69"]
[White "Emerson, Roger"]
[Black "Lau, Jason"]
[Result "1-0"]
[WhiteElo "2214"]
[BlackElo "1892"]
[PlyCount "85"]
[EventDate "2013.11.17"]
[WhiteTeam "Guildford 3"]
[BlackTeam "3Cs 2"]

1. d4 Nf6 2. c4 g6 3. Nc3 Bg7 4. e4 d6 5. Be2 O-O 6. Nf3 a6 7. O-O Bg4 8. Be3
Nfd7 9. Nd2 Bxe2 10. Qxe2 Nc6 11. Nb3 e5 12. d5 Nd4 13. Qd1 Nxb3 14. Qxb3 b6
15. Qc2 f5 16. f3 f4 17. Bf2 g5 18. b4 Qe8 19. Qa4 Nf6 20. Qxe8 Rfxe8 21. c5
bxc5 22. bxc5 dxc5 23. Na4 c6 24. dxc6 Rac8 25. Rac1 Rxc6 26. Rxc5 Ree6 27.
Rfc1 Rxc5 28. Nxc5 Rd6 29. Kf1 Bf8 30. Ke2 Rc6 31. Nd3 Rxc1 32. Nxc1 Nd7 33.
Kd3 Kf7 34. Kc4 Ke6 35. a4 h6 36. Nd3 Nb8 37. Bc5 Bxc5 38. Kxc5 Kd7 39. Nxe5+
Kc7 40. a5 h5 41. h3 Kb7 42. Kd6 Kc8 43. Nf7 1-0

[Event "4NCL Division 3s"]
[Site "Daventry Court ENG"]
[Date "2013.11.17"]
[Round "2.70"]
[White "Manton, Jacob"]
[Black "Kalaiyalahan, Akshaya"]
[Result "1-0"]
[WhiteElo "1846"]
[BlackElo "1983"]
[PlyCount "83"]
[EventDate "2013.11.17"]
[WhiteTeam "3Cs 2"]
[BlackTeam "Guildford 3"]

1. d4 Nf6 2. c4 g6 3. Nc3 Bg7 4. e4 d6 5. f3 O-O 6. Be3 e5 7. Nge2 c6 8. Qd2
Qa5 9. d5 Ne8 10. g4 Na6 11. Ng3 Nc5 12. Rb1 Na6 13. Bh6 f6 14. Bxg7 Kxg7 15.
h4 cxd5 16. cxd5 Qd8 17. h5 g5 18. Bxa6 bxa6 19. Nd1 h6 20. Ne3 Kh7 21. O-O Ng7
22. Rfc1 Bd7 23. Qb4 Bb5 24. a4 Bd3 25. Ra1 a5 26. Qa3 Ba6 27. Kg2 Rb8 28. Ngf5
Ne8 29. Rc2 Rb4 30. Rc3 Rf7 31. Rac1 Qb8 32. b3 Rd7 33. Nc4 Bxc4 34. bxc4 Rdb7
35. R1c2 Rb3 36. Qc1 Rb1 37. Qe3 Ra1 38. c5 dxc5 39. Qxc5 Rbb1 40. Qe7+ Kh8 41.
Qf8+ Kh7 42. Rc7+ 1-0

[Event "4NCL Division 3s"]
[Site "Daventry Court ENG"]
[Date "2013.11.17"]
[Round "2.75"]
[White "Williamson, Kevin J"]
[Black "Maciol, Ryszard"]
[Result "0-1"]
[WhiteElo "2023"]
[BlackElo "2182"]
[PlyCount "106"]
[EventDate "2013.11.17"]
[WhiteTeam "MK Phoenix 2"]
[BlackTeam "Celtic Tigers 1"]

1. d4 Nf6 2. Nf3 e6 3. Nbd2 d5 4. e3 c5 5. c3 Nc6 6. Bd3 Bd6 7. O-O O-O 8. Qe2
cxd4 9. exd4 Qc7 10. Re1 a6 11. Ne5 Ne7 12. Ndf3 Ng6 13. Nxg6 hxg6 14. Ne5 Bd7
15. Bf4 Rfc8 16. Bg3 Be8 17. Qd2 Nh5 18. a3 Nxg3 19. hxg3 b5 20. Re3 a5 21.
Rae1 Rab8 22. Qe2 b4 23. axb4 axb4 24. Qg4 bxc3 25. bxc3 Bxe5 26. dxe5 Rb3 27.
Qh4 Rxc3 28. g4 Rc1 29. Rxc1 Qxc1+ 30. Kh2 Qd2 31. g5 Rc1 32. Rh3 Kf8 33. Bxg6
Rc4 34. Qh8+ Ke7 35. Qxg7 Qxg5 36. Qf6+ Qxf6 37. exf6+ Kxf6 38. Bh5 d4 39. Rf3+
Ke7 40. Ra3 Ba4 41. Be2 Rb4 42. g3 f5 43. Kg2 e5 44. Ra1 e4 45. Kf1 Kd6 46. Bd1
Bb5+ 47. Ke1 Rb2 48. Bh5 Ke5 49. Rd1 e3 50. fxe3 dxe3 51. Rc1 Ke4 52. Kd1 Rd2+
53. Ke1 Rh2 0-1

[Event "4NCL Division 3s"]
[Site "Daventry Court ENG"]
[Date "2013.11.17"]
[Round "2.76"]
[White "Kemp, Peter D"]
[Black "Majer, Chris E"]
[Result "1/2-1/2"]
[WhiteElo "2164"]
[BlackElo "2001"]
[PlyCount "50"]
[EventDate "2013.11.17"]
[WhiteTeam "Celtic Tigers 1"]
[BlackTeam "MK Phoenix 2"]

1. d4 Nf6 2. Nf3 c5 3. d5 b5 4. a4 b4 5. c4 g6 6. Nbd2 d6 7. e4 Bg7 8. Be2 O-O
9. O-O e5 10. Ne1 Ne8 11. Nd3 f5 12. f4 fxe4 13. Nxe4 Bf5 14. Bf3 Bxe4 15. Bxe4
Nf6 16. Qe2 Nxe4 17. Qxe4 Nd7 18. Qe2 Qe7 19. fxe5 Rxf1+ 20. Qxf1 Rf8 21. Qe1
Nxe5 22. Bf4 Re8 23. Nxe5 Bxe5 24. Bxe5 Qxe5 25. Qxe5 Rxe5 1/2-1/2

[Event "4NCL Division 3s"]
[Site "Daventry Court ENG"]
[Date "2013.11.17"]
[Round "2.77"]
[White "Elwin, Adrian G"]
[Black "Pedersen, Carsten"]
[Result "1/2-1/2"]
[WhiteElo "1963"]
[BlackElo "2148"]
[PlyCount "86"]
[EventDate "2013.11.17"]
[WhiteTeam "MK Phoenix 2"]
[BlackTeam "Celtic Tigers 1"]

1. d4 Nf6 2. c4 Nc6 3. Nc3 e5 4. d5 Ne7 5. e4 Ng6 6. Be3 Bb4 7. f3 Bxc3+ 8.
bxc3 d6 9. c5 O-O 10. Bd3 Nd7 11. cxd6 cxd6 12. Ne2 Qc7 13. O-O Nc5 14. g4 Bd7
15. Qd2 Rfc8 16. Rac1 Qa5 17. Bb1 Bb5 18. c4 Qxd2 19. Bxd2 Bd7 20. Ng3 Rc7 21.
Nf5 Bxf5 22. exf5 Nf8 23. f4 Nfd7 24. g5 f6 25. h4 Re8 26. h5 exf4 27. Bxf4 Ne5
28. Rc3 fxg5 29. Bxg5 h6 30. Bh4 Ncd7 31. f6 Nxf6 32. Bxf6 gxf6 33. Rxf6 Rg7+
34. Bg6 Rd8 35. Re6 b6 36. Kh2 Rc7 37. Rg3 Rg7 38. Bf5 Rxg3 39. Kxg3 Kg7 40.
Bg6 Nxc4 41. Re7+ Kf6 42. Rxa7 Ne5 43. Rb7 Nxg6 1/2-1/2

[Event "4NCL Division 3s"]
[Site "Daventry Court ENG"]
[Date "2013.11.17"]
[Round "2.78"]
[White "Skulte, Christopher"]
[Black "Adebajo, Olufemi"]
[Result "0-1"]
[WhiteElo "1982"]
[BlackElo "1971"]
[PlyCount "84"]
[EventDate "2013.11.17"]
[WhiteTeam "Celtic Tigers 1"]
[BlackTeam "MK Phoenix 2"]

1. e4 c5 2. Nf3 Nc6 3. d4 cxd4 4. Nxd4 g6 5. Be3 Bg7 6. Nc3 Nf6 7. Be2 O-O 8.
O-O d5 9. exd5 Nxd5 10. Nxd5 Qxd5 11. Bf3 Qc4 12. Nxc6 bxc6 13. c3 Bf5 14. Qb3
Qa6 15. a4 Rab8 16. Qa3 e5 17. Rfe1 Rfd8 18. Rad1 Rxd1 19. Bxd1 Bf8 20. Bc5 e4
21. Bxf8 Rxf8 22. g4 Be6 23. Rxe4 Bd5 24. Re3 Qc4 25. Qd6 Qa2 26. b4 Qa1 27.
Rd3 Re8 28. h4 Re1+ 29. Kh2 Rxd1 30. Qb8+ Kg7 31. Qe5+ f6 32. Qe7+ Bf7 33. Re3
Rh1+ 34. Kg3 Qg1+ 35. Kf3 Rxh4 36. Ke2 Qxg4+ 37. Kd2 Rh1 38. f3 Qc4 39. Qxa7
Rh2+ 40. Ke1 Qh4+ 41. Kd1 Qf2 42. Qd4 Qc2+ 0-1

[Event "4NCL Division 3s"]
[Site "Daventry Court ENG"]
[Date "2013.11.17"]
[Round "2.79"]
[White "Valentine, Brian J"]
[Black "Pein, Jonathan"]
[Result "1-0"]
[WhiteElo "1953"]
[BlackElo "1770"]
[PlyCount "49"]
[EventDate "2013.11.17"]
[WhiteTeam "MK Phoenix 2"]
[BlackTeam "Celtic Tigers 1"]

1. e4 a6 2. d4 b5 3. Nf3 Bb7 4. Bd3 e6 5. O-O c5 6. c3 Nf6 7. Re1 Be7 8. a4 Qb6
9. axb5 axb5 10. Rxa8 Bxa8 11. h3 Nc6 12. Be3 cxd4 13. Nxd4 Nxd4 14. Bxd4 Bc5
15. Bxc5 Qxc5 16. Nd2 O-O 17. Nf3 b4 18. c4 d5 19. cxd5 exd5 20. e5 Ne4 21. Qc2
Qb6 22. Bxe4 dxe4 23. Ng5 Qa5 24. f4 exf3 25. Qxh7# 1-0

[Event "4NCL Division 3s"]
[Site "Daventry Court ENG"]
[Date "2013.11.17"]
[Round "2.85"]
[White "Mayhew, Andrew"]
[Black "Sully, David J"]
[Result "1-0"]
[WhiteElo "2058"]
[BlackElo "2118"]
[PlyCount "47"]
[EventDate "2013.11.17"]
[WhiteTeam "Anglian Avengers 2"]
[BlackTeam "The Full Ponty"]

1. b3 c5 2. Bb2 Nc6 3. e3 e5 4. c4 g6 5. Nf3 Bg7 6. Be2 Nge7 7. O-O O-O 8. Qc2
d6 9. Nc3 h6 10. Rad1 Be6 11. Qc1 f5 12. d4 exd4 13. exd4 Nxd4 14. Nxd4 Bxd4
15. Qxh6 Bg7 16. Qd2 Nc6 17. Nb5 Bxb2 18. Qxb2 a6 19. Rxd6 Qc8 20. Bf3 axb5 21.
Rxe6 Qxe6 22. Bd5 Qxd5 23. cxd5 Nb4 24. Qe2 1-0

[Event "4NCL Division 3s"]
[Site "Daventry Court ENG"]
[Date "2013.11.17"]
[Round "2.86"]
[White "Perrett, David C"]
[Black "Tozer, Philip AA"]
[Result "0-1"]
[WhiteElo "1970"]
[BlackElo "2136"]
[PlyCount "76"]
[EventDate "2013.11.17"]
[WhiteTeam "The Full Ponty"]
[BlackTeam "Anglian Avengers 2"]

1. d4 e6 2. c4 Nf6 3. g3 Bb4+ 4. Bd2 Qe7 5. Bg2 O-O 6. a3 Bxd2+ 7. Nxd2 d6 8.
e3 e5 9. Ne2 e4 10. Nc3 Bf5 11. Nd5 Nxd5 12. cxd5 Nd7 13. h4 Nf6 14. Qb3 c6 15.
dxc6 bxc6 16. Qc2 Rac8 17. g4 Nxg4 18. Bxe4 Bxe4 19. Qxe4 Qd7 20. Qf4 f5 21.
Nc4 Qe6 22. Rc1 d5 23. Nd6 Rb8 24. Rxc6 Qd7 25. Rc5 Rb6 26. f3 Rxd6 27. fxg4
fxg4 28. Qg5 Rf5 29. Rc7 Qxc7 30. Qxf5 Qc1+ 31. Ke2 Qxh1 32. Qc8+ Kf7 33. Qc7+
Kg6 34. Qxd6+ Kh5 35. Qd8 Qf3+ 36. Kd2 Qf2+ 37. Kd1 Qf5 38. Ke1 g3 0-1

[Event "4NCL Division 3s"]
[Site "Daventry Court ENG"]
[Date "2013.11.17"]
[Round "2.87"]
[White "Gregory, Stephen J"]
[Black "Adams, Mark A"]
[Result "1-0"]
[WhiteElo "2049"]
[BlackElo "1992"]
[PlyCount "47"]
[EventDate "2013.11.17"]
[WhiteTeam "Anglian Avengers 2"]
[BlackTeam "The Full Ponty"]

1. e4 c5 2. Nf3 a6 3. d3 d6 4. g3 g6 5. Bg2 Bg7 6. O-O Nc6 7. c3 e5 8. a3 Nge7
9. b4 O-O 10. Nbd2 cxb4 11. axb4 Qc7 12. Bb2 b5 13. d4 exd4 14. Nxd4 Bb7 15.
N2b3 Rfd8 16. Re1 Rac8 17. h4 Ne5 18. Na5 Ba8 19. Kh2 Nc4 20. Nxc4 Qxc4 21. Bf1
Qc7 22. Rxa6 Bb7 23. Nxb5 Qb8 24. Rxd6 1-0

[Event "4NCL Division 3s"]
[Site "Daventry Court ENG"]
[Date "2013.11.17"]
[Round "2.88"]
[White "Davies, Peter L"]
[Black "LeMoir, David A"]
[Result "1/2-1/2"]
[WhiteElo "1964"]
[BlackElo "2113"]
[PlyCount "42"]
[EventDate "2013.11.17"]
[WhiteTeam "The Full Ponty"]
[BlackTeam "Anglian Avengers 2"]

1. e4 e5 2. Nf3 Nc6 3. Bb5 a6 4. Ba4 d6 5. d3 g6 6. c4 Bg7 7. Nc3 Nge7 8. Nd5
O-O 9. Be3 h6 10. Nd2 f5 11. f3 Kh7 12. Nb1 Nd4 13. Nbc3 Ng8 14. Ne2 c6 15.
Ndc3 b5 16. Bc2 Be6 17. b3 f4 18. Bf2 Ne7 19. Nxd4 exd4 20. Ne2 c5 21. Qd2 g5
1/2-1/2

[Event "4NCL Division 3s"]
[Site "Daventry Court ENG"]
[Date "2013.11.17"]
[Round "2.89"]
[White "Myall, Ivan J"]
[Black "Thomas, Gary"]
[Result "1/2-1/2"]
[WhiteElo "2075"]
[BlackElo "1858"]
[PlyCount "54"]
[EventDate "2013.11.17"]
[WhiteTeam "Anglian Avengers 2"]
[BlackTeam "The Full Ponty"]

1. e4 d5 2. exd5 Nf6 3. d4 Nxd5 4. Nf3 g6 5. Be2 Bg7 6. O-O Nc6 7. c3 O-O 8.
Re1 e6 9. Bg5 f6 10. Bh4 Nf4 11. Bf1 Kh8 12. Bg3 Nh5 13. Na3 Nxg3 14. hxg3 e5
15. dxe5 Qxd1 16. Raxd1 Nxe5 17. Nxe5 fxe5 18. Nc4 Be6 19. Nxe5 Bxe5 20. Rxe5
Bxa2 21. Re7 Rad8 22. Rdd7 Rxd7 23. Rxd7 Rf7 24. Rd4 Be6 25. Be2 c5 26. Re4 Bb3
27. Re5 b6 1/2-1/2

[Event "4NCL Division 3s"]
[Site "Daventry Court ENG"]
[Date "2013.11.17"]
[Round "2.90"]
[White "Gilbert, Colin"]
[Black "Lunn, Timothy"]
[Result "0-1"]
[WhiteElo "1785"]
[BlackElo "2053"]
[PlyCount "38"]
[EventDate "2013.11.17"]
[WhiteTeam "The Full Ponty"]
[BlackTeam "Anglian Avengers 2"]

1. d4 Nf6 2. c4 g6 3. g3 Bg7 4. Bg2 c6 5. Nc3 O-O 6. e4 d6 7. f3 Nbd7 8. Nge2
e5 9. Bg5 Qb6 10. dxe5 Nxe5 11. b3 Bh3 12. Nf4 Qe3+ 13. Nfe2 Nd3+ 14. Qxd3 Qxd3
15. Bxh3 Nxe4 16. Rd1 Bxc3+ 17. Nxc3 Qxc3+ 18. Bd2 Nxd2 19. Rxd2 Rfe8+ 0-1